[Event "Hessenliga 1718"]
[Site "Hessen"]
[Date "2018.04.15"]
[Round "9.3"]
[White "Melzer, Oliver"]
[Black "Rueger, Erhard"]
[Result "1/2-1/2"]
[WhiteElo "2216"]
[BlackElo "2108"]
[PlyCount "43"]
[EventDate "2017.09.17"]
[EventType "team-tourn"]
[EventRounds "9"]
[EventCountry "GER"]
[SourceTitle "CBM 189 Extra"]
[Source "ChessBase"]
[SourceDate "2019.06.03"]
[SourceVersion "1"]
[SourceVersionDate "2019.06.03"]
[SourceQuality "1"]
[WhiteTeam "Offenbach"]
[BlackTeam "Frankfurt BvK"]
[WhiteTeamCountry "GER"]
[BlackTeamCountry "GER"]

1. d4 Nf6 2. Nf3 e6 3. Bf4 c5 4. e3 b6 5. Nbd2 Bb7 6. Bd3 Be7 7. h3 0-0 8. 0-0 d6 9. c3 Nc6 10. Bh2 a6 11. a4 Re8 12. Qb1 Rc8 13. b4 cxb4 14. cxb4 d5 15. b5 Nb4 16. bxa6 Bxa6 17. Bxa6 Nxa6 18. Qb5 Nb8 19. Rfc1 Nbd7 20. Ne5 Nxe5 21. Bxe5 Qd7 22. Qxb6 1/2-1/2

[Event "BL2-Sued 1011"]
[Site "Germany"]
[Date "2011.03.20"]
[Round "8.7"]
[White "Melzer, Oliver"]
[Black "Nekrasov, Mihail"]
[Result "1/2-1/2"]
[WhiteElo "2229"]
[BlackElo "2382"]
[PlyCount "35"]
[EventDate "2010.10.10"]
[EventType "team-tourn"]
[EventRounds "9"]
[EventCountry "GER"]
[SourceTitle "EXT 2012"]
[Source "ChessBase"]
[SourceDate "2011.11.24"]
[SourceVersion "1"]
[SourceVersionDate "2011.11.24"]
[SourceQuality "1"]
[WhiteTeam "Untergrombach"]
[BlackTeam "Hockenheim"]
[WhiteTeamCountry "GER"]
[BlackTeamCountry "GER"]

1. e4 d5 2. exd5 Qxd5 3. Nc3 Qd6 4. d4 c6 5. Nf3 Bg4 6. Bc4 Nf6 7. Be3 Nbd7 8. h3 Bh5 9. g4 Bg6 10. Qe2 e6 11. 0-0-0 0-0-0 12. Ne5 Nd5 13. Bd2 Nxe5 14. dxe5 Qc7 15. f4 Bb4 16. Qf3 Nxc3 17. Bxc3 Bxc3 18. Qxc3 1/2-1/2

[Event "Verbandsliga Nord Baden 0910"]
[Site "Germany"]
[Date "2009.12.13"]
[Round "4.4"]
[White "Hess, Markus"]
[Black "Melzer, Oliver"]
[Result "1/2-1/2"]
[WhiteElo "2190"]
[BlackElo "2223"]
[PlyCount "64"]
[EventDate "2009.10.11"]
[EventType "team-tourn"]
[EventRounds "9"]
[EventCountry "GER"]
[SourceTitle "EXT 2011"]
[Source "ChessBase"]
[SourceDate "2010.11.26"]
[SourceVersion "1"]
[SourceVersionDate "2010.11.26"]
[SourceQuality "1"]
[WhiteTeam "Walldorf"]
[BlackTeam "Untergrombach II"]
[WhiteTeamCountry "GER"]
[BlackTeamCountry "GER"]

1. e4 d5 2. exd5 Qxd5 3. Nc3 Qa5 4. g3 Nf6 5. Bg2 g6 6. Nge2 Bg7 7. 0-0 0-0 8. d3 c5 9. Bd2 Nc6 10. a3 Qc7 11. Rb1 Bd7 12. b4 cxb4 13. axb4 e5 14. Nb5 Qd8 15. Nd6 Qc7 16. Nc4 b5 17. Ne3 Rab8 18. c4 Qd6 19. Nd5 Bf5 20. Be3 Rfe8 21. Bc5 Qd7 22. Rc1 bxc4 23. dxc4 Nxd5 24. Qxd5 Qxd5 25. cxd5 Nxb4 26. Bxa7 Rbd8 27. Rfd1 Bd3 28. Nc3 e4 29. d6 Bf8 30. Bc5 Bxd6 31. Bxd6 Rxd6 32. Nxe4 Rb6 1/2-1/2

[Event "BL2-Sued 0809"]
[Site "Germany"]
[Date "2009.02.01"]
[Round "6.8"]
[White "Melzer, Oliver"]
[Black "Heinz, Timothee"]
[Result "1-0"]
[WhiteElo "2220"]
[BlackElo "2295"]
[PlyCount "55"]
[EventDate "2008.10.05"]
[EventType "team-tourn"]
[EventRounds "9"]
[EventCountry "GER"]
[SourceTitle "CBM 129 Extra"]
[Source "ChessBase"]
[SourceDate "2009.05.05"]
[SourceVersion "2"]
[SourceVersionDate "2009.05.20"]
[SourceQuality "1"]
[WhiteTeam "Untergrombach"]
[BlackTeam "Baden-Baden II"]
[WhiteTeamCountry "GER"]
[BlackTeamCountry "GER"]

1. c4 Nf6 2. Nc3 c5 3. g3 d5 4. cxd5 Nxd5 5. Bg2 Nc7 6. Qa4+ Qd7 7. Nf3 Qxa4 8. Nxa4 Nd7 9. d4 e6 10. 0-0 f6 11. Bd2 b5 12. Nxc5 Nxc5 13. dxc5 Bxc5 14. Rac1 Bb6 15. Nd4 Rb8 16. Nc6 Ra8 17. Nb4 Rb8 18. Nc6 Ra8 19. Nb4 Rb8 20. Bf4 e5 21. Nc6 Ra8 22. Nxe5 fxe5 23. Bxe5 Bd7 24. Bxc7 Rc8 25. Bxb6 axb6 26. Rxc8+ Bxc8 27. Bc6+ Bd7 28. Rc1 1-0

[Event "BL2-Sued 0708"]
[Site "Germany"]
[Date "2008.04.06"]
[Round "8.8"]
[White "Melzer, Oliver"]
[Black "Bauer, Manfred"]
[Result "1/2-1/2"]
[WhiteElo "2214"]
[BlackElo "2149"]
[PlyCount "85"]
[EventDate "2007.10.21"]
[EventType "team-tourn"]
[EventRounds "9"]
[EventCountry "GER"]
[SourceTitle "EXT 2009"]
[Source "ChessBase"]
[SourceDate "2008.11.26"]
[SourceVersion "1"]
[SourceVersionDate "2008.11.26"]
[SourceQuality "1"]
[WhiteTeam "Untergrombach"]
[BlackTeam "Schmiden Cannstatt"]
[WhiteTeamCountry "GER"]
[BlackTeamCountry "GER"]

1. c4 Nf6 2. Nc3 d5 3. cxd5 Nxd5 4. g3 g6 5. Bg2 Nb6 6. d3 Bg7 7. Be3 N8d7 8. Qc1 h6 9. Nf3 Nf6 10. 0-0 c6 11. Rb1 Nbd5 12. Bd2 Be6 13. a3 Qc8 14. b4 Bh3 15. Nxd5 Nxd5 16. Qc5 Bxg2 17. Kxg2 Nc7 18. Rfc1 Ne6 19. Qc4 Qd7 20. b5 c5 21. b6 axb6 22. Rxb6 Rxa3 23. Rcb1 Ra7 24. Qb3 Nd8 25. Be3 Ra5 26. Rb5 Rxb5 27. Qxb5 Qxb5 28. Rxb5 Kd7 29. Rxc5 Ne6 30. Rb5 Kc6 31. Rb6+ Kc7 32. Rb4 Ra8 33. d4 Rd8 34. Kf1 Kc6 35. Ke1 b5 36. Kd2 Nc7 37. Rb1 Nd5 38. Kd3 Kb6 39. Bd2 f5 40. e4 fxe4+ 41. Kxe4 e6 42. Ne5 g5 43. h3 1/2-1/2

[Event "BL2-Sued 0708"]
[Site "Germany"]
[Date "2007.11.25"]
[Round "3.7"]
[White "Vonthron, Horst"]
[Black "Melzer, Oliver"]
[Result "1/2-1/2"]
[WhiteElo "2308"]
[BlackElo "2214"]
[PlyCount "30"]
[EventDate "2007.10.21"]
[EventType "team-tourn"]
[EventRounds "9"]
[EventCountry "GER"]
[SourceTitle "EXT 2009"]
[Source "ChessBase"]
[SourceDate "2008.11.26"]
[SourceVersion "1"]
[SourceVersionDate "2008.11.26"]
[SourceQuality "1"]
[WhiteTeam "Heidelberg Kirchheim"]
[BlackTeam "Untergrombach"]
[WhiteTeamCountry "GER"]
[BlackTeamCountry "GER"]

1. e4 d5 2. exd5 Qxd5 3. Nc3 Qa5 4. Rb1 c5 5. a3 e6 6. Nf3 Nf6 7. d4 cxd4 8. b4 Qd8 9. Qxd4 Be7 10. Nb5 Nc6 11. Qxd8+ Bxd8 12. Nd6+ Ke7 13. Nxc8+ Rxc8 14. Bd3 Bb6 15. 0-0 Nd4 1/2-1/2

[Event "Oberliga Baden 0506"]
[Site "Germany"]
[Date "2006.02.19"]
[Round "7.7"]
[White "Zwicky, Martin"]
[Black "Melzer, Oliver"]
[Result "1/2-1/2"]
[WhiteElo "2055"]
[BlackElo "2223"]
[PlyCount "47"]
[EventDate "2005.10.23"]
[EventType "team-tourn"]
[EventRounds "9"]
[EventCountry "GER"]
[SourceTitle "EXT 2007"]
[Source "ChessBase"]
[SourceDate "2006.11.23"]
[SourceVersion "1"]
[SourceVersionDate "2006.11.23"]
[SourceQuality "1"]
[WhiteTeam "Konstanz"]
[BlackTeam "Untergrombach"]
[WhiteTeamCountry "GER"]
[BlackTeamCountry "GER"]

1. g3 d5 2. Bg2 c6 3. d3 e5 4. Nd2 Bd6 5. e4 Ne7 6. Ne2 0-0 7. 0-0 f5 8. f4 exf4 9. Nxf4 fxe4 10. dxe4 Bxf4 11. gxf4 dxe4 12. Nxe4 Nf5 13. Qxd8 Rxd8 14. Nc5 a5 15. Be4 g6 16. Bd3 b6 17. Na4 Nd7 18. Bxf5 gxf5 19. Be3 b5 20. Nb6 Nxb6 21. Bxb6 Rd2 22. Rf2 Rxf2 23. Kxf2 Be6 24. a3 1/2-1/2

[Event "BL2-Sued 0405"]
[Site "Germany"]
[Date "2005.01.30"]
[Round "6.7"]
[White "Beckhuis, Gernod"]
[Black "Melzer, Oliver"]
[Result "1-0"]
[WhiteElo "2305"]
[BlackElo "2256"]
[PlyCount "67"]
[EventDate "2004.10.24"]
[EventType "team-tourn"]
[EventRounds "9"]
[EventCountry "GER"]
[SourceTitle "EXT 2007"]
[Source "ChessBase"]
[SourceDate "2006.11.23"]
[SourceVersion "1"]
[SourceVersionDate "2006.11.23"]
[SourceQuality "1"]
[WhiteTeam "Kirchheim"]
[BlackTeam "Untergrombach"]
[WhiteTeamCountry "GER"]
[BlackTeamCountry "GER"]

1. Nf3 d5 2. d4 Nf6 3. c4 c6 4. Nc3 a6 5. c5 Bg4 6. Ne5 Bh5 7. Qb3 Ra7 8. Bf4 Nfd7 9. e4 Nxe5 10. Bxe5 e6 11. exd5 exd5 12. Bd3 Nd7 13. 0-0 f6 14. Bg3 Bg6 15. Rae1+ Kf7 16. Qc2 Bxd3 17. Qxd3 Be7 18. Re3 b5 19. Ne2 Nf8 20. Re1 g6 21. Nf4 f5 22. Ne6 Qd7 23. Qe2 Bf6 24. Bd6 Nxe6 25. Rxe6 Rc8 26. Qe3 Kg7 27. h3 h6 28. g4 fxg4 29. hxg4 Bg5 30. Qe5+ Kh7 31. f4 Bh4 32. Re2 Qg7 33. f5 gxf5 34. Qxf5+ 1-0

[Event "BL2-Sued 0405"]
[Site "Germany"]
[Date "2004.11.28"]
[Round "3.7"]
[White "Nippgen, Georg"]
[Black "Melzer, Oliver"]
[Result "1-0"]
[WhiteElo "2220"]
[BlackElo "2256"]
[PlyCount "49"]
[EventDate "2004.10.24"]
[EventType "team-tourn"]
[EventRounds "9"]
[EventCountry "GER"]
[SourceTitle "EXT 2007"]
[Source "ChessBase"]
[SourceDate "2006.11.23"]
[SourceVersion "1"]
[SourceVersionDate "2006.11.23"]
[SourceQuality "1"]
[WhiteTeam "Handschuhsheim"]
[BlackTeam "Untergrombach"]
[WhiteTeamCountry "GER"]
[BlackTeamCountry "GER"]

1. c4 c6 2. b3 d5 3. Bb2 Nf6 4. g3 e6 5. Nf3 a5 6. Bg2 a4 7. 0-0 Nbd7 8. d3 Be7 9. Nbd2 0-0 10. Qc2 a3 11. Bc3 b5 12. Rad1 Ba6 13. e4 bxc4 14. dxc4 Qc8 15. Rfe1 Bb7 16. Rc1 dxe4 17. Nxe4 c5 18. Nfg5 Nxe4 19. Nxe4 Rd8 20. Rcd1 Qc7 21. Qc1 h6 22. Qe3 f5 23. Nd6 Be4 24. Bxe4 fxe4 25. Qxe4 1-0

[Event "BL2-Sued 0405"]
[Site "Germany"]
[Date "2004.11.14"]
[Round "2.7"]
[White "Melzer, Oliver"]
[Black "Schmidt, Stefan"]
[Result "0-1"]
[WhiteElo "2256"]
[BlackElo "2201"]
[PlyCount "88"]
[EventDate "2004.10.24"]
[EventType "team-tourn"]
[EventRounds "9"]
[EventCountry "GER"]
[SourceTitle "EXT 2007"]
[Source "ChessBase"]
[SourceDate "2006.11.23"]
[SourceVersion "1"]
[SourceVersionDate "2006.11.23"]
[SourceQuality "1"]
[WhiteTeam "Untergrombach"]
[BlackTeam "Viernheim"]
[WhiteTeamCountry "GER"]
[BlackTeamCountry "GER"]

1. d4 c5 2. d5 Nf6 3. Nc3 d6 4. e4 g6 5. Nf3 Bg4 6. Bb5+ Nbd7 7. a4 Bg7 8. 0-0 0-0 9. h3 Bxf3 10. Qxf3 a6 11. Be2 c4 12. Bxc4 Ne5 13. Qe2 Rc8 14. Bd3 Qc7 15. Bd2 Nfd7 16. a5 Nc4 17. Bxc4 Qxc4 18. Rfe1 Qxe2 19. Rxe2 Rc4 20. Ra4 Rfc8 21. Rxc4 Rxc4 22. Be1 Kf8 23. g4 Nc5 24. f3 g5 25. Nd1 Ra4 26. Kg2 Ra1 27. Nc3 Nd7 28. Bd2 Rxa5 29. Bxg5 Bxc3 30. bxc3 Ne5 31. Be3 Nc4 32. Bd4 Rb5 33. Re1 a5 34. Ra1 Rb2 35. f4 b5 36. g5 a4 37. h4 Rxc2+ 38. Kg3 Nd2 39. f5 Nxe4+ 40. Kf4 Nxc3 41. f6 Nxd5+ 42. Ke4 e6 43. Kd3 Rc4 44. h5 Nb4+ 0-1

[Event "BL2-Sued 0405"]
[Site "Germany"]
[Date "2004.10.24"]
[Round "1.8"]
[White "Melzer, Oliver"]
[Black "Raps, Johannes"]
[Result "1-0"]
[WhiteElo "2256"]
[BlackElo "2135"]
[PlyCount "123"]
[EventDate "2004.10.24"]
[EventType "team-tourn"]
[EventRounds "9"]
[EventCountry "GER"]
[SourceTitle "EXT 2007"]
[Source "ChessBase"]
[SourceDate "2006.11.23"]
[SourceVersion "1"]
[SourceVersionDate "2006.11.23"]
[SourceQuality "1"]
[WhiteTeam "Untergrombach"]
[BlackTeam "Bad Mergentheim"]
[WhiteTeamCountry "GER"]
[BlackTeamCountry "GER"]

1. d4 d5 2. Nf3 Nf6 3. Bg5 e6 4. Nbd2 Be7 5. e3 0-0 6. Bd3 b6 7. Ne5 Bb7 8. 0-0 Nbd7 9. f4 c5 10. c3 Ne4 11. Bxe7 Qxe7 12. Qe2 f5 13. Nxd7 Qxd7 14. Nf3 Rac8 15. Ne5 Qe7 16. Rf3 cxd4 17. exd4 Rf6 18. Rh3 Rc7 19. Rf1 Bc6 20. g4 g6 21. g5 Rf8 22. Rh6 Be8 23. Bxe4 fxe4 24. Rh3 b5 25. a3 a5 26. Ng4 Qd8 27. Qf2 Bc6 28. Qh4 Rg7 29. Nf6+ Rxf6 30. gxf6 Rf7 31. Qg5 Qxf6 32. Rg3 Kg7 33. Qe5 Qxe5 34. fxe5 Rf5 35. Rf2 Bd7 36. Kf1 h6 37. h4 Bc8 38. Ke2 Rh5 39. Rfg2 g5 40. hxg5 hxg5 41. Rxg5+ Rxg5 42. Rxg5+ Kf7 43. Ke3 a4 44. Rh5 Kg7 45. Rg5+ Kf7 46. Kf4 Bd7 47. Rg1 Be8 48. Rb1 Kg6 49. b3 axb3 50. Rxb3 Kh5 51. Rb1 Kg6 52. Ke3 Kh6 53. Rf1 Kg7 54. Rf6 Bf7 55. c4 dxc4 56. Kxe4 Kf8 57. d5 exd5+ 58. Kd4 Ke7 59. Rb6 Be8 60. Kxd5 c3 61. Rb7+ Kd8 62. Kd6 1-0

[Event "Oberliga Baden 0304 "]
[Site "Germany"]
[Date "2003.11.23"]
[Round "3.7"]
[White "Tammert, Guenther"]
[Black "Melzer, Oliver"]
[Result "0-1"]
[WhiteElo "2235"]
[BlackElo "2236"]
[PlyCount "116"]
[EventDate "2003.10.12"]
[EventType "team-tourn"]
[EventRounds "9"]
[EventCountry "GER"]
[SourceTitle "EXT 2006"]
[Source "ChessBase"]
[SourceDate "2005.11.24"]
[SourceVersion "1"]
[SourceVersionDate "2005.11.24"]
[SourceQuality "1"]
[WhiteTeam "Kuppenheim"]
[BlackTeam "Untergrombach"]
[WhiteTeamCountry "GER"]
[BlackTeamCountry "GER"]

1. c4 c6 2. Nf3 d5 3. b3 dxc4 4. bxc4 e5 5. Qc2 Bd6 6. Bb2 Qe7 7. Nc3 Nf6 8. e4 0-0 9. d4 exd4 10. Nxd4 Na6 11. 0-0-0 Re8 12. f3 Ba3 13. Bxa3 Qxa3+ 14. Qb2 Qc5 15. Nb3 Qb4 16. Nd4 Qc5 17. Nb3 Qb4 18. Nd4 Qe7 19. g4 Nc5 20. Rg1 Qe5 21. Qd2 Ne6 22. g5 Nh5 23. Nf5 Nef4 24. Nd6 Rf8 25. Qd4 Qxd4 26. Rxd4 Ne6 27. Rd1 Nc5 28. e5 Nf4 29. Rd4 Ng6 30. Nce4 Ne6 31. Rd2 Nxe5 32. Rf2 Nf4 33. Kc2 b6 34. Kd2 Bh3 35. Ke3 Neg6 36. Rg3 Bxf1 37. Rxf1 Nh5 38. Rg4 f5 39. gxf6 Nxf6 40. Rg5 Nxe4 41. Nxe4 Rae8 42. f4 Re7 43. f5 Rfe8 44. fxg6 Rxe4+ 45. Kd3 Re3+ 46. Kd2 hxg6 47. Rxg6 R8e6 48. Rg2 Ra3 49. Kc1 Rc3+ 50. Kb2 Rxc4 51. Rd1 Rce4 52. Rdd2 c5 53. Kb3 b5 54. Rd8+ Kh7 55. Rgd2 Re3+ 56. Kc2 a6 57. Kd1 c4 58. Rf2 Rg6 0-1

[Event "Karl Mala Memorial op 07th"]
[Site "Griesheim"]
[Date "2003.07.26"]
[Round "4"]
[White "Melzer, Oliver"]
[Black "Stock, Juergen"]
[Result "1-0"]
[WhiteElo "2220"]
[BlackElo "2026"]
[PlyCount "53"]
[EventDate "2003.07.24"]
[EventType "swiss"]
[EventRounds "7"]
[EventCountry "GER"]
[SourceTitle "EXT 2004"]
[Source "ChessBase"]
[SourceDate "2003.11.25"]
[SourceVersion "1"]
[SourceVersionDate "2003.11.25"]
[SourceQuality "1"]

1. d4 e6 2. Nf3 f5 3. g3 d5 4. Bg2 Bd6 5. 0-0 Nf6 6. c4 c6 7. b3 0-0 8. Ba3 Bxa3 9. Nxa3 Nbd7 10. Qc1 Qe8 11. Qb2 Qh5 12. Nb1 g5 13. Nbd2 f4 14. Rae1 fxg3 15. fxg3 b6 16. e4 dxc4 17. bxc4 Bb7 18. e5 Ng4 19. h3 Nh6 20. g4 Qg6 21. Ne4 c5 22. Nfxg5 Rxf1+ 23. Rxf1 cxd4 24. Qxd4 Bc6 25. Qd6 Rc8 26. Nf6+ Nxf6 27. Qxe6+ 1-0

[Event "Karl Mala Memorial op 07th"]
[Site "Griesheim"]
[Date "2003.07.25"]
[Round "2"]
[White "Melzer, Oliver"]
[Black "Milov, Leonid"]
[Result "1/2-1/2"]
[WhiteElo "2220"]
[BlackElo "2466"]
[PlyCount "213"]
[EventDate "2003.07.24"]
[EventType "swiss"]
[EventRounds "7"]
[EventCountry "GER"]
[SourceTitle "EXT 2004"]
[Source "ChessBase"]
[SourceDate "2003.11.25"]
[SourceVersion "1"]
[SourceVersionDate "2003.11.25"]
[SourceQuality "1"]

1. d4 Nf6 2. Nf3 c5 3. c3 d5 4. dxc5 e6 5. Bg5 Bxc5 6. e3 Nc6 7. Nbd2 h6 8. Bh4 Be7 9. Nb3 e5 10. Bb5 e4 11. Ne5 Qc7 12. Nd4 Bd7 13. Nxd7 Qxd7 14. Qa4 Rc8 15. 0-0 Rc7 16. Bg3 Bd6 17. Bxd6 Qxd6 18. Be2 a6 19. Rfd1 0-0 20. Nxc6 Rxc6 21. c4 Rfc8 22. h3 Qe5 23. Qb3 b5 24. cxb5 Rc2 25. Bg4 Nxg4 26. hxg4 Qf6 27. Rf1 Rxb2 28. Qxd5 axb5 29. Rab1 Re8 30. Qd4 Qxd4 31. exd4 Rxa2 32. Rxb5 Rd2 33. Re5 Re6 34. Rxe6 fxe6 35. Re1 Rxd4 36. Rb1 Kf7 37. f3 exf3 38. gxf3 Kf6 39. Kf2 Rd3 40. Kg3 Ra3 41. Rb4 Ra5 42. Rf4+ Kg5 43. Re4 e5 44. Re1 h5 45. gxh5 Kxh5 46. Re4 g5 47. Rb4 Kg6 48. Rc4 Rd5 49. Ra4 Rd3 50. Rb4 Kf5 51. Ra4 Rd4 52. Ra8 Rd3 53. Ra4 Re3 54. Rb4 Re1 55. Ra4 Rg1+ 56. Kf2 Rh1 57. Kg3 Rh4 58. Ra8 Rh6 59. Ra4 Rf6 60. Rb4 Rf7 61. Ra4 Ke6 62. Rb4 Rf4 63. Rb6+ Kf5 64. Rb8 Rc4 65. Ra8 Rb4 66. Rc8 Rb3 67. Rc4 Rb8 68. Ra4 Rd8 69. Rb4 Kg6 70. Ra4 Kh5 71. Ra5 Re8 72. Ra4 Re6 73. Rb4 Kg6 74. Ra4 Rf6 75. Rb4 Rf4 76. Rb6+ Kf7 77. Ra6 Rd4 78. Rb6 Rd1 79. Ra6 Rg1+ 80. Kf2 Rh1 81. Kg3 Rh4 82. Rb6 Rf4 83. Ra6 Rf6 84. Ra4 Kg6 85. Rb4 Rf4 86. Rb6+ Kf5 87. Rb8 Rd4 88. Ra8 e4 89. Ra5+ Kf6 90. Ra6+ Kf5 91. Ra5+ Kg6 92. fxe4 Rxe4 93. Ra3 Kh5 94. Rb3 Rg4+ 95. Kh3 Rg1 96. Kh2 Rf1 97. Kg2 Rf5 98. Kg3 g4 99. Ra3 Kg5 100. Rb3 Rd5 101. Ra3 Kf5 102. Rb3 Ra5 103. Rc3 Ra4 104. Rc5+ Kg6 105. Rb5 Kf6 106. Rc5 Re4 107. Ra5 1/2-1/2

[Event "Oberliga Baden 0001"]
[Site "Baden"]
[Date "2001.04.29"]
[Round "9.5"]
[White "Busch, Kurt"]
[Black "Melzer, Oliver"]
[Result "1-0"]
[WhiteElo "2229"]
[BlackElo "2180"]
[PlyCount "53"]
[EventDate "2000.10.15"]
[EventType "team"]
[EventRounds "9"]
[EventCountry "GER"]
[SourceTitle "EXT 2002"]
[Source "ChessBase"]
[SourceDate "2001.11.25"]
[SourceVersion "1"]
[SourceVersionDate "2001.11.25"]
[SourceQuality "1"]

1. e4 d5 2. exd5 Qxd5 3. Nc3 Qa5 4. Bc4 Nf6 5. d3 c6 6. Bd2 Bg4 7. f3 Bf5 8. g4 Bg6 9. Qe2 e6 10. f4 Be7 11. 0-0-0 Qc7 12. h4 h5 13. f5 exf5 14. gxf5 Bxf5 15. Re1 Na6 16. Nh3 Nc5 17. Ng5 Bg6 18. d4 b5 19. dxc5 bxc4 20. Rhf1 Kf8 21. Bf4 Qd7 22. Rd1 Qg4 23. Qxc4 Re8 24. Rd2 Qxh4 25. Nf3 Qh3 26. Ne5 Qh4 27. Rg2 1-0

[Event "Oberliga Baden 0001"]
[Site "Baden"]
[Date "2001.02.18"]
[Round "6.5"]
[White "Melzer, Oliver"]
[Black "Mensch, Etienne"]
[Result "1/2-1/2"]
[WhiteElo "2180"]
[BlackElo "2302"]
[PlyCount "92"]
[EventDate "2000.10.15"]
[EventType "team"]
[EventRounds "9"]
[EventCountry "GER"]
[SourceTitle "EXT 2002"]
[Source "ChessBase"]
[SourceDate "2001.11.25"]
[SourceVersion "1"]
[SourceVersionDate "2001.11.25"]
[SourceQuality "1"]

1. c4 Nf6 2. Nc3 c5 3. Nf3 Nc6 4. g3 g6 5. Bg2 Bg7 6. 0-0 0-0 7. d4 cxd4 8. Nxd4 Nxd4 9. Qxd4 d6 10. Qd3 a6 11. Bd2 Bf5 12. e4 Be6 13. Rac1 Qd7 14. Nd5 Rab8 15. b3 b5 16. Bg5 Bxd5 17. exd5 Rfc8 18. h3 h6 19. Be3 Qd8 20. cxb5 Rxc1 21. Rxc1 axb5 22. Qd2 Kh7 23. Qb4 Ra8 24. Rc2 Qd7 25. g4 h5 26. g5 Ne8 27. Qe4 Kg8 28. Kh2 Bh8 29. h4 Ng7 30. Bh3 Nf5 31. Bd2 Bg7 32. Be3 Bh8 33. Qd3 Bg7 34. Qe2 Be5+ 35. f4 Bg7 36. Qd3 Bh8 37. Bf2 Bg7 38. Qe4 Bh8 39. Re2 Bg7 40. Rc2 Bh8 41. Kg1 Bg7 42. Kg2 Bh8 43. Qd3 Bg7 44. Qe2 Bh8 45. Qe4 Bg7 46. Kh2 Bh8 1/2-1/2

[Event "Oberliga Baden 0001"]
[Site "Baden"]
[Date "2001.01.28"]
[Round "5.5"]
[White "Melzer, Oliver"]
[Black "Neunhoeffer, Helmut"]
[Result "1-0"]
[WhiteElo "2180"]
[BlackElo "2328"]
[PlyCount "89"]
[EventDate "2000.10.15"]
[EventType "team"]
[EventRounds "9"]
[EventCountry "GER"]
[SourceTitle "EXT 2002"]
[Source "ChessBase"]
[SourceDate "2001.11.25"]
[SourceVersion "1"]
[SourceVersionDate "2001.11.25"]
[SourceQuality "1"]

1. c4 e6 2. Nf3 Nf6 3. g3 d5 4. Bg2 c5 5. 0-0 Nc6 6. d4 dxc4 7. Qa4 Bd7 8. Qxc4 b5 9. Qd3 Rc8 10. Nc3 c4 11. Qd1 a6 12. Ne5 Bb4 13. Bg5 h6 14. Bxf6 gxf6 15. Nxd7 Qxd7 16. d5 Bxc3 17. bxc3 Ne7 18. Qd4 e5 19. Qb6 Nxd5 20. Bxd5 Qxd5 21. Qxf6 Rg8 22. Qxa6 Qc6 23. Qxc6+ Rxc6 24. a4 bxa4 25. Rxa4 Ke7 26. Rb1 Rd8 27. Rbb4 Rd1+ 28. Kg2 Rc1 29. Rxc4 Rxc3 30. Rxc3 Rxc3 31. Ra6 f6 32. Ra7+ Ke6 33. Rh7 Rc2 34. e3 Kf5 35. Rxh6 Kg5 36. Rh8 Ra2 37. Rg8+ Kh5 38. h3 Rb2 39. g4+ Kh6 40. h4 Kh7 41. Re8 Rb4 42. Kg3 Kg6 43. Re7 Rb1 44. h5+ Kh6 45. Rf7 1-0